Miasta z nazwą rzeki - Statystyki

Ogólne statystyki
  • Ten quiz został rozwiązany 31 razy
    8 od ostatniego zresetowania
  • Średni wynik to 4 z 13
Statystyki odpowiedzi
Długość Km. Rzeka Miasto % Poprawnych
1048 Wisła Wisła
88%
2285 Dniepr Dniepr
75%
1805 Kama Kama
38%
1970 Don Rostów nad Donem
38%
2534 Ural Uralsk
38%
3688 Wołga Wołgograd
38%
1430 Biełaja Biełaja
25%
1809 Peczora Peczora
25%
1130 Desna Desna
13%
1165 Łaba Rudnice nad Łabą
13%
1362 Dniestr Białogród nad Dniestrem
0%
1165 Łaba Brandys nad Łabą
0%
1970 Don Kałacz nad Donem
0%
Nie znaleziono quizów pasujących do podanych kryteriów
Rozkład punktacji
Procent ludzi z każdym wynikiem
Percentyl według liczby udzielonych odpowiedzi
Twoja historia wyników
Nie rozwiązałeś tego quizu od ostatniego zresetowania